00392 a2200133 4500001001000000005001700010008004100027245004800068100001900116700002200135700001800157773006800175999001500243ART_2587420260410161602.0260409a 10aInversiones en investigación y desarrollo1 aDíaz, Teresa1 aBertolino, Gisela1 aSuardi, Diana0 tProfesional & Empresariag- Año VI, Nº 65 (feb. 2005)wREV70 c9829d9829